MARC

LEADER 00000nam0a2200000 4500
001 162626
005 20231031160432.0
020 |a RU  |b 87-16987 
035 |a (RuTPU)RU\TPU\book\176389 
090 |a 162626 
100 |a 20090624d1987 km y0rusy5003 ca 
101 0 |a rus 
102 |a GE 
105 |a a z 001zy 
200 1 |a Электромагнитные субгармонические возбудители колебаний (теория, расчет, конструирование)  |f М. В. Хвингия, М. М. Тедошвили, И. А. Питимашвили  |g Академия наук Грузинской ССР (АН ГрузССР), Институт механики машин 
210 |a Тбилиси  |c Мецниереба  |d 1987 
215 |a 133 с.  |c ил.  |d 22 см 
320 |a Библиогр.: с. 125-131 (114 назв.). 
610 1 |a вибрационные машины 
610 1 |a электромагнитные вибраторы 
610 1 |a субгармонический режим 
610 1 |a субгармонические колебания 
610 1 |a генерирование 
610 1 |a параметры 
610 1 |a расчет 
610 1 |a упругие системы 
675 |a 621-868  |z rus  |v 3 
700 1 |a Хвингия  |b М. В.  |g Михаил Владимирович  |4 070 
701 1 |a Тедошвили  |b М. М.  |g Мераб Михайлович 
701 1 |a Питимашвили  |b И. А.  |g Илья Арчилович 
712 0 2 |a Академия наук Грузинской ССР (АН ГрузССР)  |b Институт механики машин  |2 stltpush  |3 (RuTPU)RU\TPU\col\15922 
801 0 |a RU  |b RuMRKP  |c 19950417  |g psbo 
801 1 |a RU  |b 63413507  |c 20090624  |g PSBO 
801 2 |a RU  |b 63413507  |c 20100514  |g PSBO 
942 |c BK